| 000 | 00327nam a2200121Ia 4500 | ||
|---|---|---|---|
| 005 | 20251222144831.0 | ||
| 008 | 251222s9999||||xx |||||||||||||| ||spa|| | ||
| 082 | _a498.323/C28 | ||
| 100 | _aCarranza Romero, Francisco | ||
| 245 | 0 | _aResultados Lingüísticos del Contacto Quechua y Español | |
| 264 | _bCONCYTEC | ||
| 942 | _cLIB | ||
| 999 |
_c20869 _d20869 |
||